| 000 | 00436nam a22001097a 4500 | ||
|---|---|---|---|
| 008 | 110613t xxu||||| |||| 00| 0 eng d | ||
| 010 | _aSCCAF:34 | ||
| 245 | _aSupreme Court of Civil Application No. 23 of 1998 Foods and Beverages Ltd vs Joy Muhisha | ||
| 260 | _c1995 | ||
| 500 | _aCORAM :TSEKOOKO, J.S.C. | ||
| 500 | _8Application to Appeal from the decision of the High Court of Uganda at Kampala by J.H. Ntabgobo, P.J dated 20 march, 1995 | ||
| 999 |
_c2720 _d2720 |
||